Colombia: las limitaciones de un gobierno en crisis política. Colombia as president of the Non-Aligned movement limitations of a government under crisis /
Gespeichert in:
| 1. Verfasser: | |
|---|---|
| Format: | Text |
| Schlagworte: | |
| Tags: |
Tag hinzufügen
Keine Tags, Fügen Sie den ersten Tag hinzu!
|
MARC
| LEADER | 00000 a a2200000 04500 | ||
|---|---|---|---|
| 001 | 780 | ||
| 003 | |||
| 040 | |||
| 100 | |a González Arana, Roberto | ||
| 245 | |a Colombia: |b las limitaciones de un gobierno en crisis política. Colombia as president of the Non-Aligned movement limitations of a government under crisis / |c Roberto González Arana | ||
| 650 | |a GOBIERNO | ||
| 650 | |a COLOMBIA | ||
| 773 | |g volumen 5, número 2; páginas 21-22 | ||
| 999 | |c 36485 |d 36485 | ||
